Les 10 licences de jeux vidéos les plus vendues - Statistiques

Statistiques générales
  • Ce quiz a été pris 141 fois
  • Le résultat moyen est 5 sur 10
Statistiques - réponses
Exemplaires vendues Réponse % Correct
925 millions Mario
89%
460 millions Grand Theft Auto
83%
489 millions Call of Duty
74%
325 millions FIFA (EA Sports FC)
69%
300 millions Minecraft
64%
500 millions Pokémon
64%
520 millions Tetris
39%
200 millions Assassin's Creed
36%
200 millions Final Fantasy
21%
200 millions Les Sim's
8%
Aucun quiz correspondant
Distribution des résultats
% des personnes avec chaque résultat
Percentile par nombre de réponses
Votre historique - résultats
Vous n’avez pas pris ce quiz